000 00512nam a2200169Ia 4500
999 _c21593
_d21593
003 OSt
005 20200608111726.0
008 190216s9999||||xx |||||||||||||| ||und||
020 _a9788126144501
040 _coclc
082 _a343.4450954
_bARY/P
100 _aArya, Narendra
_92613
245 0 _aPress,Freedom And Democratic Media /
_cNarendra Arya
260 _bAnmol Publications,
_c2011.
_aNew Delhi:
300 _a296p
942 _cBK
_2ddc
_h343.4450954
_iARY/P
_k343.4450954
_mARY/P